[Event "Monte Estoril op"]
[Site "Monte Estoril"]
[Date "2003.12.07"]
[Round "2"]
[White "Dias, Augusto Martins"]
[Black "Rodrigues, Antonio Manuel da C"]
[Result "1-0"]
[WhiteElo "1930"]
[BlackElo "1694"]
[PlyCount "69"]
[EventDate "2003.12.06"]
[EventType "swiss"]
[EventRounds "2"]
[EventCountry "POR"]
[SourceTitle "EXT 2005"]
[Source "ChessBase"]
[SourceDate "2004.11.15"]
[SourceVersion "1"]
[SourceVersionDate "2004.11.15"]
[SourceQuality "1"]

1. e4 c6 2. Nf3 d5 3. Nc3 Bg4 4. exd5 cxd5 5. Bb5+ Nc6 6. 0-0 e5 7. h3 Bh5 8. g4 Bg6 9. Nxe5 Nge7 10. Qe2 Qd6 11. d4 0-0-0 12. f4 Nxd4 13. Qf2 Nxc2 14. Nxg6 hxg6 15. Qxc2 Qc5+ 16. Qf2 d4 17. Bd3 Rxh3 18. Be4 Nc6 19. Bg2 Rh7 20. Ne4 Qb6 21. a3 f5 22. Ng5 Be7 23. Nxh7 Rh8 24. Ng5 fxg4 25. f5 Rf8 26. Be4 Bd6 27. Bf4 Bxf4 28. Qxf4 d3+ 29. Qf2 Qb5 30. Qd2 gxf5 31. Bxd3 Qe5 32. Qf4 Qc5+ 33. Qf2 Qd5 34. Bxf5+ Kc7 35. Ne6+ 1-0